[Event "McGill op U2000"]
[Site "Montreal CAN"]
[Date "2012.05.13"]
[Round "4"]
[White "Airapetyan, David"]
[Black "He, Shao Hang"]
[Result "0-1"]
[WhiteElo "1874"]
[BlackElo "1632"]
[PlyCount "112"]
[GameId "2160767909509513"]
[EventDate "2012.05.11"]
[EventType "swiss"]
[EventRounds "5"]
[EventCountry "CAN"]
[SourceTitle "EXT 2022"]
[Source "ChessBase"]
[SourceDate "2021.10.06"]
[SourceVersion "1"]
[SourceVersionDate "2021.10.06"]
[SourceQuality "1"]

1. e4 c5 2. Nf3 d6 3. Qe2 Nc6 4. g3 g6 5. Bg2 Bg7 6. O-O a6 7. d3 b5 8. e5 Rb8 9. exd6 e6 10. Nc3 Qxd6 11. Bf4 e5 12. Rfe1 f6 13. Ne4 Qe7 14. Be3 Nd4 15. Qd2 Bg4 16. Nxd4 cxd4 17. Bxd4 Bh6 18. Qa5 Qd8 19. Qb4 Bf8 20. Bc5 a5 21. Qd2 Bh6 22. f4 Kf7 23. Qf2 exf4 24. Nd6+ Kg7 25. Ne8+ Kf7 26. Nd6+ Kg7 27. gxf4 Qd7 28. Re4 Bf5 29. Nxf5+ Qxf5 30. Rae1 Rc8 31. d4 Kf7 32. Qf3 Qd7 33. Qb3+ Kg7 34. Re7+ Nxe7 35. Rxe7+ Qxe7 36. Bxe7 Bxf4 37. Qe6 Bg5 38. c3 Rhe8 39. Bc6 Rxc6 40. Bxf6+ Bxf6 41. Qxe8 Rb6 42. Qa8 Re6 43. Qb7+ Re7 44. Qxb5 Re1+ 45. Kg2 Rb1 46. d5 Kh6 47. Qe2 Kg7 48. d6 a4 49. d7 a3 50. bxa3 Rb7 51. Qe8 Rb2+ 52. Kg3 Rd2 53. c4 Rd3+ 54. Kf4 Rd4+ 55. Ke3 Rd1 56. Ke2 Rd4 0-1

[Event "McGill op U2000"]
[Site "Montreal CAN"]
[Date "2012.05.13"]
[Round "4"]
[White "Laferriere, Samuel"]
[Black "Suire, Benjamin"]
[Result "0-1"]
[WhiteElo "1602"]
[BlackElo "1750"]
[PlyCount "80"]
[GameId "2160767909509514"]
[EventDate "2012.05.11"]
[EventType "swiss"]
[EventRounds "5"]
[EventCountry "CAN"]
[SourceTitle "EXT 2022"]
[Source "ChessBase"]
[SourceDate "2021.10.06"]
[SourceVersion "1"]
[SourceVersionDate "2021.10.06"]
[SourceQuality "1"]

1. d4 e6 2. e4 d5 3. e5 c5 4. c3 Nc6 5. Nf3 Qb6 6. Bd3 cxd4 7. cxd4 Bd7 8. O-O Nxd4 9. Nxd4 Qxd4 10. Nc3 a6 11. Re1 Qb6 12. Qg4 Ne7 13. Be3 Qd8 14. Bc5 Ng6 15. Bxf8 Kxf8 16. Qb4+ Ne7 17. Qxb7 Nc6 18. a4 Kg8 19. a5 Rb8 20. Qxa6 Nb4 21. Qd6 Nxd3 22. Red1 Nb4 23. a6 Bc6 24. Qc5 Qf8 25. a7 Rc8 26. Qb6 Ba8 27. Ra4 Nc6 28. Nb5 Nxe5 29. Nc7 Nd7 30. Nxa8 Rxa8 31. Qc7 Qe8 32. b4 h6 33. b5 Kh7 34. Raa1 Qd8 35. Qc6 Ne5 36. Qa6 Nc4 37. Rdb1 Nb6 38. Rc1 Re8 39. Rc6 Re7 40. Rxb6 Rexa7 0-1

[Event "McGill op U2000"]
[Site "Montreal CAN"]
[Date "2012.05.13"]
[Round "4"]
[White "Shi, Ling Yun"]
[Black "Manailoiu, Dragos"]
[Result "0-1"]
[WhiteElo "1633"]
[BlackElo "1308"]
[PlyCount "60"]
[GameId "2160767909509515"]
[EventDate "2012.05.11"]
[EventType "swiss"]
[EventRounds "5"]
[EventCountry "CAN"]
[SourceTitle "EXT 2022"]
[Source "ChessBase"]
[SourceDate "2021.10.06"]
[SourceVersion "1"]
[SourceVersionDate "2021.10.06"]
[SourceQuality "1"]

1. e4 c5 2. Nf3 Nc6 3. d4 cxd4 4. Nxd4 Nf6 5. Nc3 e5 6. Ndb5 d6 7. Bg5 a6 8. Na3 b5 9. Bxf6 gxf6 10. Nd5 f5 11. Bd3 Be6 12. Ne3 f4 13. Nf1 Bg7 14. Nd2 Nb4 15. Nb3 Qg5 16. Bf1 Ke7 17. Qd2 Nc6 18. Rd1 Rhd8 19. f3 d5 20. Qf2 Nd4 21. Nc5 b4 22. Nxe6 fxe6 23. Nb1 dxe4 24. fxe4 f3 25. gxf3 Qf4 26. Bg2 Bf6 27. h4 Rg8 28. c3 Rxg2 29. Qxg2 Nxf3+ 30. Ke2 Qxe4+ 0-1

[Event "McGill op U2000"]
[Site "Montreal CAN"]
[Date "2012.05.13"]
[Round "4"]
[White "Turcotte, Jonathan"]
[Black "Sprumont, Oscar"]
[Result "0-1"]
[WhiteElo "1988"]
[BlackElo "1844"]
[PlyCount "62"]
[GameId "2160767909509516"]
[EventDate "2012.05.11"]
[EventType "swiss"]
[EventRounds "5"]
[EventCountry "CAN"]
[SourceTitle "EXT 2022"]
[Source "ChessBase"]
[SourceDate "2021.10.06"]
[SourceVersion "1"]
[SourceVersionDate "2021.10.06"]
[SourceQuality "1"]

1. d4 Nf6 2. c4 g6 3. Nc3 d5 4. cxd5 Nxd5 5. e4 Nxc3 6. bxc3 Bg7 7. Be3 c5 8. Nf3 Qa5 9. Qd2 O-O 10. Rb1 Nc6 11. Rb5 cxd4 12. Rxa5 dxe3 13. Qxe3 Nxa5 14. Nd4 Bd7 15. e5 e6 16. f4 Rac8 17. Be2 Nc4 18. Bxc4 Rxc4 19. Qd3 Rfc8 20. Kd2 Bh6 21. g3 Ra4 22. Qb1 b6 23. h4 Rc5 24. Rc1 Rxe5 25. Kd3 Rd5 26. c4 Ra3+ 27. Rc3 Rxd4+ 28. Kxd4 Bg7+ 29. Ke3 Rxc3+ 30. Kf2 Bd4+ 31. Ke2 Bc6 0-1

[Event "McGill op U2000"]
[Site "Montreal CAN"]
[Date "2012.05.13"]
[Round "4"]
[White "Xiong, Sonja"]
[Black "Yu, Zong Yang"]
[Result "1-0"]
[WhiteElo "1922"]
[BlackElo "1949"]
[PlyCount "135"]
[GameId "2160767909509517"]
[EventDate "2012.05.11"]
[EventType "swiss"]
[EventRounds "5"]
[EventCountry "CAN"]
[SourceTitle "EXT 2022"]
[Source "ChessBase"]
[SourceDate "2021.10.06"]
[SourceVersion "1"]
[SourceVersionDate "2021.10.06"]
[SourceQuality "1"]

1. e4 c5 2. Nf3 d6 3. d4 cxd4 4. Nxd4 Nf6 5. Nc3 g6 6. f3 Bg7 7. Be3 O-O 8. Qd2 Nc6 9. O-O-O Nxd4 10. Bxd4 Be6 11. Nd5 Bxd5 12. exd5 Nd7 13. Bxg7 Kxg7 14. h4 h5 15. g4 Rh8 16. Be2 Nf6 17. g5 Nd7 18. f4 Rc8 19. Rhf1 Rc5 20. f5 Qa5 21. Qd4+ Ne5 22. fxg6 fxg6 23. a3 Rhc8 24. Rd2 Qc7 25. c3 Qa5 26. Kb1 Qb6 27. Ka2 Rf8 28. Rxf8 Kxf8 29. Bd3 Kg7 30. Rf2 Rxd5 31. Qf4 Qd8 32. Bc4 Rd1 33. Bb3 Rg1 34. Qh2 Re1 35. Qg2 Qd7 36. Qd5 e6 37. Qd4 d5 38. Qxa7 Re4 39. Qb8 Nf7 40. Bc2 Qc6 41. Bxe4 dxe4 42. Qf4 Qd5+ 43. b3 Qf5 44. a4 Ne5 45. Qg3 Nf3 46. Qc7+ Qf7 47. Qg3 e5 48. Re2 Qd5 49. Qf2 Qd3 50. Re3 Qd5 51. Qe2 Nd2 52. Qb5 Qxb5 53. axb5 Kf7 54. Kb2 Ke6 55. Kc2 Nf3 56. Rxe4 Kf5 57. Kd3 Nxh4 58. Rxh4 Kxg5 59. Rc4 Kf5 60. Rc7 b6 61. Rh7 Kf4 62. Rf7+ Kg4 63. Ke4 h4 64. Kxe5 g5 65. c4 h3 66. c5 Kg3 67. cxb6 g4 68. b7 1-0

[Event "McGill op U2000"]
[Site "Montreal CAN"]
[Date "2012.05.13"]
[Round "5"]
[White "Airapetyan, David"]
[Black "Guan, Zi Yu"]
[Result "1-0"]
[WhiteElo "1874"]
[BlackElo "1037"]
[PlyCount "81"]
[GameId "2160767909509518"]
[EventDate "2012.05.11"]
[EventType "swiss"]
[EventRounds "5"]
[EventCountry "CAN"]
[SourceTitle "EXT 2022"]
[Source "ChessBase"]
[SourceDate "2021.10.06"]
[SourceVersion "1"]
[SourceVersionDate "2021.10.06"]
[SourceQuality "1"]

1. e4 c5 2. Nf3 Nc6 3. Qe2 e5 4. g3 Nf6 5. Bg2 Be7 6. O-O d6 7. d3 Bg4 8. c3 d5 9. h3 Bxf3 10. Bxf3 Qd7 11. Bg5 O-O-O 12. Bxf6 Bxf6 13. Bg4 Qxg4 14. Qxg4+ Kb8 15. Na3 h5 16. Qf3 d4 17. Nc2 h4 18. g4 Rd6 19. b4 cxb4 20. cxb4 Be7 21. b5 Rf6 22. Qe2 Nd8 23. Qd2 Ne6 24. Nb4 Nf4 25. Nd5 Nxh3+ 26. Kh2 Ng5 27. f4 exf4 28. Nxf6 Bxf6 29. Qxf4+ Ka8 30. e5 Ne6 31. exf6 Nxf4 32. fxg7 Re8 33. Rxf4 Re2+ 34. Kh3 Re8 35. Rxf7 a5 36. Rf8 Rxf8 37. gxf8=Q+ Ka7 38. Qc5+ b6 39. Qc7+ Ka8 40. Re1 a4 41. Re8# 1-0

[Event "McGill op U2000"]
[Site "Montreal CAN"]
[Date "2012.05.13"]
[Round "5"]
[White "Laferriere, Samuel"]
[Black "Gauthier, Jeremie"]
[Result "1-0"]
[WhiteElo "1602"]
[BlackElo "1344"]
[PlyCount "57"]
[GameId "2160767909509519"]
[EventDate "2012.05.11"]
[EventType "swiss"]
[EventRounds "5"]
[EventCountry "CAN"]
[SourceTitle "EXT 2022"]
[Source "ChessBase"]
[SourceDate "2021.10.06"]
[SourceVersion "1"]
[SourceVersionDate "2021.10.06"]
[SourceQuality "1"]

1. e4 c5 2. Nf3 Nc6 3. c3 g6 4. d4 cxd4 5. cxd4 Bg7 6. Nc3 e6 7. Bc4 Nge7 8. Bb3 b6 9. O-O d5 10. e5 O-O 11. Re1 f6 12. exf6 Bxf6 13. Bh6 Rf7 14. Ba4 Na5 15. Ng5 Bxg5 16. Bxg5 a6 17. Rc1 b5 18. Bc2 Qf8 19. Qe2 Nf5 20. Bxf5 exf5 21. Nxd5 Bb7 22. Qe5 Qg7 23. Bf6 Qf8 24. Ne7+ Rxe7 25. Qxe7 Rc8 26. Rxc8 Bxc8 27. Qxf8+ Kxf8 28. Re7 Kg8 29. Rg7+ 1-0

[Event "McGill op U2000"]
[Site "Montreal CAN"]
[Date "2012.05.13"]
[Round "5"]
[White "Nazarian, Arash"]
[Black "Pomerantz, Daniel"]
[Result "0-1"]
[WhiteElo "1845"]
[BlackElo "1926"]
[PlyCount "74"]
[GameId "2160767909509520"]
[EventDate "2012.05.11"]
[EventType "swiss"]
[EventRounds "5"]
[EventCountry "CAN"]
[SourceTitle "EXT 2022"]
[Source "ChessBase"]
[SourceDate "2021.10.06"]
[SourceVersion "1"]
[SourceVersionDate "2021.10.06"]
[SourceQuality "1"]

1. Nf3 Nf6 2. b3 g6 3. Bb2 Bg7 4. d3 O-O 5. e4 d6 6. Nbd2 c5 7. g3 Nc6 8. Bg2 Bd7 9. a4 Qc7 10. O-O a6 11. Qe2 e5 12. c3 Rfe8 13. Rfc1 b5 14. axb5 axb5 15. Rxa8 Rxa8 16. Ra1 Rxa1+ 17. Bxa1 b4 18. c4 Qa5 19. Qd1 Bh6 20. Nf1 Qa2 21. h3 Ne8 22. Ne3 Nc7 23. Nh2 Na5 24. Nhg4 Bg7 25. f4 Nxb3 26. Nc2 Nxa1 27. Qxa1 Qxa1+ 28. Nxa1 exf4 29. Nb3 Ba4 30. Nd2 fxg3 31. Bf3 Bc2 32. Kf1 Bxd3+ 33. Ke1 Bc3 34. Ne3 b3 35. Nd1 Bxd2+ 36. Kxd2 Bxc4 37. Kc3 Be2 0-1

[Event "McGill op U2000"]
[Site "Montreal CAN"]
[Date "2012.05.13"]
[Round "5"]
[White "Sprumont, Oscar"]
[Black "Giroux, Robert"]
[Result "1/2-1/2"]
[WhiteElo "1844"]
[BlackElo "1879"]
[PlyCount "81"]
[GameId "2160767909509521"]
[EventDate "2012.05.11"]
[EventType "swiss"]
[EventRounds "5"]
[EventCountry "CAN"]
[SourceTitle "EXT 2022"]
[Source "ChessBase"]
[SourceDate "2021.10.06"]
[SourceVersion "1"]
[SourceVersionDate "2021.10.06"]
[SourceQuality "1"]

1. e4 g6 2. Nc3 Bg7 3. g3 c5 4. d3 d6 5. Bg2 Nc6 6. f4 Nh6 7. Nf3 f5 8. O-O O-O 9. h3 Rb8 10. Be3 Nd4 11. Rb1 b5 12. Ne2 Nxf3+ 13. Bxf3 fxe4 14. dxe4 Bxh3 15. Rf2 Ng4 16. Qd5+ Kh8 17. Bxg4 Bxg4 18. f5 Bxe2 19. Rxe2 gxf5 20. exf5 Qc8 21. Rf2 Qb7 22. Qxb7 Rxb7 23. c3 Be5 24. g4 e6 25. Rbf1 exf5 26. Rxf5 Rxf5 27. Rxf5 Kg8 28. Bxc5 Rg7 29. g5 h6 30. Be3 hxg5 31. Rxg5 Rxg5+ 32. Bxg5 Kf7 33. Kf2 Ke6 34. Ke3 a5 35. Bd8 a4 36. Kd3 d5 37. b3 axb3 38. axb3 Kd6 39. c4 dxc4+ 40. bxc4 bxc4+ 41. Kxc4 1/2-1/2

[Event "McGill op U2000"]
[Site "Montreal CAN"]
[Date "2012.05.13"]
[Round "5"]
[White "Suire, Benjamin"]
[Black "Manailoiu, Dragos"]
[Result "0-1"]
[WhiteElo "1750"]
[BlackElo "1308"]
[PlyCount "150"]
[GameId "2160767909509522"]
[EventDate "2012.05.11"]
[EventType "swiss"]
[EventRounds "5"]
[EventCountry "CAN"]
[SourceTitle "EXT 2022"]
[Source "ChessBase"]
[SourceDate "2021.10.06"]
[SourceVersion "1"]
[SourceVersionDate "2021.10.06"]
[SourceQuality "1"]

1. e4 c5 2. d3 Nc6 3. Nf3 g6 4. Be2 Bg7 5. O-O d6 6. Nc3 e6 7. Bg5 Nge7 8. Re1 O-O 9. Bf1 a6 10. Qc1 Re8 11. h3 b5 12. Nh2 b4 13. Ne2 e5 14. Ng4 Bxg4 15. hxg4 Qd7 16. Bxe7 Nxe7 17. Qg5 f6 18. Qh4 f5 19. gxf5 gxf5 20. Ng3 f4 21. Nh5 Ng6 22. Qg5 Qe7 23. Qg4 Bh6 24. g3 Qe6 25. Bh3 Qxg4 26. Bxg4 Kf7 27. Bf5 Rg8 28. Kh1 Ne7 29. Rg1 Nxf5 30. exf5 Rg5 31. g4 Rgg8 32. f3 Bg5 33. Kg2 Rac8 34. Rad1 d5 35. Rge1 Rge8 36. Re2 c4 37. Rde1 Bh4 38. Rh1 Bg5 39. Kh3 cxd3 40. cxd3 b3 41. axb3 Rb8 42. Ra1 Rxb3 43. Rxa6 Rxd3 44. Ra3 Rxa3 45. bxa3 e4 46. fxe4 dxe4 47. Re1 e3 48. Kg2 e2 49. Nxf4 Bxf4 50. Kf3 Bd6 51. a4 Kf6 52. Rxe2 Rxe2 53. Kxe2 Bb4 54. Kd3 Be1 55. Ke2 Ba5 56. Kd3 Kg5 57. Ke4 Bd8 58. Ke5 Kxg4 59. Ke6 h5 60. f6 Bxf6 61. Kxf6 h4 62. Ke5 h3 63. Kd5 h2 64. Kc5 h1=Q 65. Kb6 Qa8 66. a5 Kf5 67. a6 Ke6 68. Ka5 Kd5 69. Kb6 Kd6 70. Kb5 Qa7 71. Ka5 Kc5 72. Ka4 Kc4 73. Ka3 Kc3 74. Ka2 Qb6 75. Ka1 Qb2# 0-1

[Event "McGill op U2000"]
[Site "Montreal CAN"]
[Date "2012.05.13"]
[Round "5"]
[White "Xiong, Sonja"]
[Black "Eshleman, Brandon"]
[Result "0-1"]
[WhiteElo "1922"]
[BlackElo "1912"]
[PlyCount "74"]
[GameId "2160767909509523"]
[EventDate "2012.05.11"]
[EventType "swiss"]
[EventRounds "5"]
[EventCountry "CAN"]
[SourceTitle "EXT 2022"]
[Source "ChessBase"]
[SourceDate "2021.10.06"]
[SourceVersion "1"]
[SourceVersionDate "2021.10.06"]
[SourceQuality "1"]

1. e4 e5 2. Nf3 Nf6 3. Nc3 Nc6 4. Bc4 Be7 5. d3 d6 6. O-O Bg4 7. Be3 O-O 8. h3 Bh5 9. Qd2 Bxf3 10. gxf3 Na5 11. Bb3 Nxb3 12. axb3 c5 13. Kh2 Nh5 14. Nd5 f5 15. f4 Nf6 16. Nxe7+ Qxe7 17. fxe5 dxe5 18. exf5 Nd5 19. Rg1 Rxf5 20. Rg2 Nf4 21. Bxf4 Rxf4 22. Re1 Raf8 23. Qe3 R8f5 24. Ra1 b6 25. Ra4 Rf3 26. Qe2 h5 27. Re4 Qf6 28. Kg1 Rxh3 29. Ra4 a5 30. Qe4 Rg5 31. Qd5+ Kh7 32. f4 Rxg2+ 33. Qxg2 Qh4 34. Qe4+ Kh6 35. fxe5 Rg3+ 36. Kf1 Qh3+ 37. Ke2 Qh2+ 0-1

[Event "Medicine Hat vs Lethbridge Challenge"]
[Site "Medicine Hat CAN"]
[Date "2012.03.17"]
[Round "1"]
[White "Berndtsson, Kurt"]
[Black "Sunley, Ryan"]
[Result "1-0"]
[WhiteElo "1259"]
[BlackElo "1226"]
[PlyCount "65"]
[GameId "2160767909575850"]
[EventDate "2012.03.17"]
[EventType "team"]
[EventRounds "2"]
[EventCountry "CAN"]

1. d4 Nc6 2. Nf3 Nf6 3. e3 d5 4. Bd3 Bg4 5. Nbd2 e6 6. O-O Bxf3 7. Nxf3 Nb4 8. b3 Nxd3 9. Qxd3 Ne4 10. Bb2 Bd6 11. a4 Bb4 12. c3 Bd6 13. c4 Bb4 14. h3 dxc4 15. bxc4 Nd2 16. Nxd2 Bxd2 17. Qxd2 b6 18. Ba3 a5 19. Rab1 Qb8 20. Rfd1 f6 21. e4 Kf7 22. Qe2 Re8 23. Rd3 Qd8 24. Rbd1 Qd7 25. Qc2 f5 26. e5 Rac8 27. d5 exd5 28. Rxd5 Qc6 29. Qxf5+ Kg8 30. Rd7 Qxc4 31. e6 Qxa4 32. Qf7+ Kh8 33. Qxg7# 1-0

[Event "Medicine Hat vs Lethbridge Challenge"]
[Site "Medicine Hat CAN"]
[Date "2012.03.17"]
[Round "1"]
[White "Dunn, Garth"]
[Black "Barnes, Ryan"]
[Result "1-0"]
[WhiteElo "1721"]
[BlackElo "801"]
[PlyCount "79"]
[GameId "2160767909575851"]
[EventDate "2012.03.17"]
[EventType "team"]
[EventRounds "2"]
[EventCountry "CAN"]

1. d4 d5 2. Nf3 Nf6 3. c4 c6 4. Nc3 Be6 5. Bg5 g6 6. Bxf6 exf6 7. e4 Bb4 8. cxd5 cxd5 9. Bb5+ Nc6 10. O-O O-O 11. a3 Bxc3 12. bxc3 dxe4 13. Nd2 Qb6 14. Rb1 a6 15. Bd3 Qa5 16. Nxe4 Qf5 17. Nd6 Qg5 18. f4 Qd5 19. Ne4 Qd8 20. Rxb7 Nxd4 21. cxd4 Qxd4+ 22. Kh1 Rab8 23. Rxb8 Rxb8 24. Bc2 Qxd1 25. Rxd1 Bg4 26. Nxf6+ Kg7 27. Nxg4 Rb2 28. Bd3 Rb3 29. a4 a5 30. h3 Rb4 31. Bb5 Rxf4 32. Ne5 Kf6 33. Nc6 h5 34. Nxa5 g5 35. Nc6 h4 36. a5 g4 37. hxg4 Rxg4 38. Kh2 Rg5 39. a6 Rxb5 40. a7 1-0

[Event "Medicine Hat vs Lethbridge Challenge"]
[Site "Medicine Hat CAN"]
[Date "2012.03.17"]
[Round "1"]
[White "Holmes, Gregory"]
[Black "Fitzgerald, Jerry"]
[Result "1-0"]
[WhiteElo "1682"]
[BlackElo "1570"]
[PlyCount "133"]
[GameId "2160767909575852"]
[EventDate "2012.03.17"]
[EventType "team"]
[EventRounds "2"]
[EventCountry "CAN"]

1. e4 e6 2. d4 a6 3. Nc3 b6 4. Bd3 Bb7 5. Nf3 h6 6. O-O Ne7 7. Ne5 d6 8. Nf3 Ng6 9. e5 d5 10. Bxg6 fxg6 11. a3 Be7 12. Ne2 O-O 13. Qd3 Qe8 14. Nf4 Rxf4 15. Bxf4 Kh7 16. h4 a5 17. h5 Ba6 18. Qxg6+ Qxg6 19. hxg6+ Kxg6 20. Rfe1 c5 21. Re3 cxd4 22. Nxd4 Bc5 23. Rg3+ Kf7 24. c3 Nd7 25. Re1 Nf8 26. b4 axb4 27. axb4 Bxd4 28. cxd4 Bc4 29. Bd2 Ng6 30. Ree3 Nh4 31. Ra3 Rxa3 32. Rxa3 Nf5 33. Ra7+ Kg6 34. Bc3 b5 35. Kh2 h5 36. Kh3 Be2 37. Ra6 Kf7 38. g3 g5 39. Kg2 g4 40. Ra2 Bd3 41. f3 Kg6 42. fxg4 hxg4 43. Kf2 Ne7 44. Ke3 Bc4 45. Rf2 Nf5+ 46. Kf4 Bb3 47. Kxg4 Bd1+ 48. Kf4 Nh6 49. Rd2 Bb3 50. g4 Nf7 51. Rh2 Ng5 52. Rh8 Ne4 53. Be1 Bc2 54. Rb8 Bd3 55. Rb6 Kf7 56. Rb7+ Kg6 57. Re7 Ng5 58. Bh4 Ne4 59. Rxe6+ Kf7 60. Re7+ Kf8 61. Rd7 Bc4 62. Be1 Ke8 63. Ra7 Kf8 64. Kf5 Ke8 65. g5 Nxg5 66. Kxg5 Kd8 67. Kf6 1-0

[Event "Medicine Hat vs Lethbridge Challenge"]
[Site "Medicine Hat CAN"]
[Date "2012.03.17"]
[Round "1"]
[White "Porter, Patrick"]
[Black "Wallbank, Andrew"]
[Result "1-0"]
[WhiteElo "1774"]
[BlackElo "1804"]
[PlyCount "75"]
[GameId "2160767909575854"]
[EventDate "2012.03.17"]
[EventType "team"]
[EventRounds "2"]
[EventCountry "CAN"]

1. e4 e6 2. Nf3 d5 3. Nc3 d4 4. Ne2 c5 5. c3 Nc6 6. cxd4 cxd4 7. Qa4 Bc5 8. b4 Bb6 9. b5 Nce7 10. Nexd4 e5 11. Nc2 Ng6 12. Bb2 Qe7 13. Ne3 Bxe3 14. fxe3 Nf6 15. Be2 b6 16. O-O Bb7 17. Bd3 Nd7 18. Ba3 Nc5 19. Bxc5 Qxc5 20. Rac1 Qe7 21. Rc3 O-O 22. Rfc1 Rfc8 23. Rxc8+ Rxc8 24. Rxc8+ Bxc8 25. Qc4 Be6 26. Qc2 h6 27. Bc4 Qc5 28. Bb3 Qxc2 29. Bxc2 Bxa2 30. Bd3 f6 31. Ne1 Nf8 32. Nc2 Nd7 33. Nb4 Be6 34. Nc6 Nc5 35. Bc2 a6 36. d4 exd4 37. exd4 Nxe4 38. bxa6 1-0

[Event "Medicine Hat vs Lethbridge Challenge"]
[Site "Medicine Hat CAN"]
[Date "2012.03.17"]
[Round "1"]
[White "Viminitz, Paul"]
[Black "Clapham, John"]
[Result "1-0"]
[WhiteElo "1497"]
[BlackElo "808"]
[PlyCount "89"]
[GameId "2160767909575855"]
[EventDate "2012.03.17"]
[EventType "team"]
[EventRounds "2"]
[EventCountry "CAN"]

1. Nf3 g6 2. g3 Nf6 3. b3 Bg7 4. Bb2 O-O 5. Bg2 Nc6 6. O-O Re8 7. d3 d5 8. Nbd2 e5 9. c4 d4 10. a3 a6 11. b4 Na7 12. Qc2 Bf5 13. Nh4 c6 14. Nxf5 gxf5 15. c5 Qc7 16. Nc4 Nc8 17. e3 Nd7 18. exd4 exd4 19. Rae1 Rxe1 20. Rxe1 Kf8 21. Bh3 Ne7 22. Nd6 Ne5 23. Qe2 Qd7 24. Bxd4 Nf3+ 25. Qxf3 Bxd4 26. Bxf5 Nxf5 27. Qxf5 Qxf5 28. Nxf5 Bb2 29. a4 Bc3 30. Rb1 a5 31. bxa5 Rxa5 32. Rxb7 f6 33. Rxh7 Rxc5 34. g4 Rd5 35. d4 c5 36. dxc5 Rxc5 37. h4 Ba5 38. h5 Bb6 39. Ne3 Rg5 40. h6 Kg8 41. Rg7+ Rxg7 42. hxg7 Kxg7 43. Nf5+ Kg6 44. Kg2 Kg5 45. f3 1-0

[Event "Medicine Hat vs Lethbridge Challenge"]
[Site "Medicine Hat CAN"]
[Date "2012.03.17"]
[Round "2"]
[White "Barnes, Ryan"]
[Black "Dunn, Garth"]
[Result "0-1"]
[WhiteElo "801"]
[BlackElo "1721"]
[PlyCount "64"]
[GameId "2160767909575856"]
[EventDate "2012.03.17"]
[EventType "team"]
[EventRounds "2"]
[EventCountry "CAN"]

1. d4 d5 2. Nf3 g6 3. Nc3 Bg7 4. Bf4 a6 5. e3 Nf6 6. Be2 Nbd7 7. h3 c5 8. g4 b5 9. Qd2 b4 10. Na4 Ne4 11. Qd1 O-O 12. h4 h6 13. Bd3 cxd4 14. exd4 Nb6 15. Nxb6 Qxb6 16. Bxh6 Bxh6 17. g5 Bg7 18. Bxe4 dxe4 19. Ne5 Rd8 20. c3 Bxe5 21. h5 Bf5 22. Qe2 Bf4 23. h6 Kh7 24. Rh4 Bxg5 25. Rh5 gxh5 26. Qxh5 Qg6 27. Qxg6+ Bxg6 28. Ke2 bxc3 29. bxc3 Rac8 30. f3 exf3+ 31. Kxf3 Rxc3+ 32. Kg4 Rxd4+ 0-1

[Event "Medicine Hat vs Lethbridge Challenge"]
[Site "Medicine Hat CAN"]
[Date "2012.03.17"]
[Round "2"]
[White "Clapham, John"]
[Black "Viminitz, Paul"]
[Result "0-1"]
[WhiteElo "808"]
[BlackElo "1497"]
[PlyCount "62"]
[GameId "2160767909575857"]
[EventDate "2012.03.17"]
[EventType "team"]
[EventRounds "2"]
[EventCountry "CAN"]

1. e4 d6 2. d4 Nf6 3. Nc3 g6 4. g3 b6 5. Bg2 Bb7 6. d5 Bg7 7. Nf3 Nbd7 8. h3 O-O 9. Be3 c6 10. dxc6 Bxc6 11. Nh2 Qc7 12. Qd2 Rac8 13. O-O Qb7 14. f3 Ne5 15. b3 b5 16. a4 b4 17. Nb5 Bxb5 18. axb5 Qxb5 19. Rxa7 Nc6 20. Ra4 Nd7 21. Bh6 Bxh6 22. Qxh6 Qc5+ 23. Rf2 Nd4 24. Qd2 Nxc2 25. Ra2 Nd4 26. Rb2 Qc1+ 27. Qxc1 Rxc1+ 28. Rf1 Rfc8 29. Rb1 Rxb1 30. Rxb1 Rc1+ 31. Rxc1 Ne2+ 0-1

[Event "Medicine Hat vs Lethbridge Challenge"]
[Site "Medicine Hat CAN"]
[Date "2012.03.17"]
[Round "2"]
[White "Fitzgerald, Jerry"]
[Black "Holmes, Gregory"]
[Result "0-1"]
[WhiteElo "1570"]
[BlackElo "1682"]
[PlyCount "50"]
[GameId "2160767909575858"]
[EventDate "2012.03.17"]
[EventType "team"]
[EventRounds "2"]
[EventCountry "CAN"]

1. e3 d5 2. Nc3 c5 3. d4 e6 4. dxc5 Bxc5 5. a3 Nf6 6. b4 Bb6 7. Na4 Nbd7 8. Nxb6 Nxb6 9. Nf3 O-O 10. Bb2 Bd7 11. Ne5 Ba4 12. Qd2 Rc8 13. Rc1 Ne4 14. Qd4 f6 15. Nf3 Bxc2 16. Ng5 Nxg5 17. Ba1 Na4 18. f3 Bb3 19. Rxc8 Qxc8 20. Be2 Qc1+ 21. Bd1 Bxd1 22. Qxd1 Qxe3+ 23. Qe2 Qxe2+ 24. Kxe2 Rc8 25. Rd1 Nc3+ 0-1

[Event "Medicine Hat vs Lethbridge Challenge"]
[Site "Medicine Hat CAN"]
[Date "2012.03.17"]
[Round "2"]
[White "Sunley, Ryan"]
[Black "Berndtsson, Kurt"]
[Result "0-1"]
[WhiteElo "1226"]
[BlackElo "1259"]
[PlyCount "32"]
[GameId "2160767909575860"]
[EventDate "2012.03.17"]
[EventType "team"]
[EventRounds "2"]
[EventCountry "CAN"]

1. Nc3 e5 2. e4 b6 3. f3 Bc5 4. Nh3 Nf6 5. Bb5 O-O 6. d3 Re8 7. Bg5 a6 8. Nd5 axb5 9. Qe2 Kh8 10. O-O-O Rxa2 11. b4 Bd4 12. Bxf6 gxf6 13. f4 d6 14. g4 c6 15. Ne3 Bc3 16. f5 Ra1# 0-1

[Event "Medicine Hat vs Lethbridge Challenge"]
[Site "Medicine Hat CAN"]
[Date "2012.03.17"]
[Round "2"]
[White "Wallbank, Andrew"]
[Black "Porter, Patrick"]
[Result "1/2-1/2"]
[WhiteElo "1804"]
[BlackElo "1774"]
[PlyCount "77"]
[GameId "2160767909575861"]
[EventDate "2012.03.17"]
[EventType "team"]
[EventRounds "2"]
[EventCountry "CAN"]

1. d4 Nf6 2. c4 c5 3. d5 b5 4. cxb5 a6 5. Nc3 axb5 6. Nxb5 d6 7. Nc3 g6 8. e4 Bg7 9. Qc2 O-O 10. Nf3 Ba6 11. Bxa6 Nxa6 12. a3 Nd7 13. O-O Ne5 14. Nxe5 Bxe5 15. Be3 Qc7 16. Rab1 Rfb8 17. Rfe1 Rb7 18. g3 Rab8 19. Re2 Rb3 20. Rc1 Qa5 21. Nd1 Qb5 22. Qc4 Qb7 23. Rcc2 Nc7 24. f4 Bg7 25. Bf2 Qa8 26. Be1 R8b7 27. Bc3 R7b6 28. Bxg7 Kxg7 29. Re3 Qb7 30. Rxb3 Rxb3 31. Rc3 Rxc3 32. Qxc3+ Kg8 33. a4 Na6 34. Ne3 Nb4 35. Nc4 Qd7 36. a5 Qa4 37. b3 Qd7 38. Ne3 Qb5 39. Nc4 1/2-1/2